| 000 | 00314 a2200097 4500 | ||
|---|---|---|---|
| 100 | 1 |
_aGolovansnko, S.A.. _eAutor |
|
| 700 | 1 |
_aMeangrov, L.V.. _eAutor |
|
| 245 | 0 |
_aProizvodstvo bimetallov / _cGolovansnko S.A., Meangrov L.V.. |
|
| 710 | 2 |
_aMetallurgija. _eWydawca _4pbl |
|
| 260 |
_aMoskva : _bMetallurgija, _c1966. |
||
| 300 |
_a303 s.; _c24 cm. |
||
| 999 |
_c6732 _d6732 |
||